Внешнеэкономическая деятельность: учебное пособие

מידע ביבליוגרפי
מחבר ראשי: Дегтярева О. И. Ольга Ильинична
מחברים אחרים: Полянова Т. Н. Татьяна Николаевна, Саркисов С. В. Сергей Васильевич
סיכום:В учебном пособии изложены основные материалы по ведению внешнеэкономической деятельности предприятия, выстроенные в логической последовательности, как это имеет место в современных условиях. Раскрываются сущность и содержание договоров купли-продажи, техники ведения коммерческих переговоров с иностранным партнером, вопросы страхования и исполнения контрактов. Цель книги — помочь менеджерам овладеть знаниями по организации и технике внешнеэкономической деятельности и ведению экспортно-импортных операций. Рассчитано на лиц, самостоятельно изучающих внешнеэкономическую деятельность предприятия, руководящий состав и сотрудников, задействованных в принятии управленческих решений в данной сфере экономики, а также на преподавателей, студентов вузов и слушателей школ бизнеса.
Исключено из фонда НТБ ТПУ
שפה:רוסית
יצא לאור: Москва, Дело, 2006
מהדורה:5-е изд. испр. и доп.
סדרה:Библиотека современного менеджера
פורמט: MixedMaterials ספר
KOHA link:https://koha.lib.tpu.ru/cgi-bin/koha/opac-detail.pl?biblionumber=109859

MARC

LEADER 00000nam0a2200000 4500
001 109859
005 20231031120211.0
010 |a 5774901432 
035 |a (RuTPU)RU\TPU\book\118631 
035 |a RU\TPU\book\67242 
090 |a 109859 
100 |a 20070214d2006 m y0rusy50 ca 
101 0 |a rus 
102 |a RU 
105 |a y j 001zy 
200 1 |a Внешнеэкономическая деятельность  |e учебное пособие  |f О. И. Дегтярева, Т. Н. Полянова, С. В. Саркисов 
205 |a 5-е изд. испр. и доп. 
210 |a Москва  |c Дело  |d 2006 
215 |a 423 с. 
225 1 |a Библиотека современного менеджера 
320 |a Библиогр. в конце глав. 
330 |a В учебном пособии изложены основные материалы по ведению внешнеэкономической деятельности предприятия, выстроенные в логической последовательности, как это имеет место в современных условиях. Раскрываются сущность и содержание договоров купли-продажи, техники ведения коммерческих переговоров с иностранным партнером, вопросы страхования и исполнения контрактов. Цель книги — помочь менеджерам овладеть знаниями по организации и технике внешнеэкономической деятельности и ведению экспортно-импортных операций. Рассчитано на лиц, самостоятельно изучающих внешнеэкономическую деятельность предприятия, руководящий состав и сотрудников, задействованных в принятии управленческих решений в данной сфере экономики, а также на преподавателей, студентов вузов и слушателей школ бизнеса. 
333 |a Исключено из фонда НТБ ТПУ 
451 1 |0 (RuTPU)RU\TPU\book\136366  |y 978-5-7749-0469-3  |t Внешнеэкономическая деятельность  |o учебное пособие  |f О. И. Дегтярева, Т. Н. Полянова, С. В. Саркисов  |e 6-е изд.  |c М.  |n Дело  |d 2007  |p 424 с.  |a Дегтярева, Ольга Ильинична 
451 1 |0 (RuTPU)RU\TPU\book\67242  |y 5-7749-0143-2  |t Внешнеэкономическая деятельность  |o учебное пособие  |f О. И. Дегтярева, Т. Н. Полянова, С. В. Саркисов  |c М.  |n Дело  |d 2002  |p 423 с.  |s Библиотека современного менеджера  |a Дегтярева, Ольга Ильинична 
686 |a У9(2)8я73  |v LBC/SL-A  |2 rubbk 
700 1 |a Дегтярева  |b О. И.  |g Ольга Ильинична 
701 1 |a Полянова  |b Т. Н.  |g Татьяна Николаевна 
701 1 |a Саркисов  |b С. В.  |g Сергей Васильевич 
801 1 |a RU  |b 63413507  |c 20040511  |g PSBO 
801 2 |a RU  |b 63413507  |c 20220330  |g PSBO 
942 |c BK 
959 |a 47/20070604  |d 2  |e 220,00  |f АНЛ:2